000 nam a22 a 4500
999 _c3261
_d3261
005 20170522095538.0
008 170522b1984 S ||||| |||| 00| 0 eng d
020 _a007Y663777
040 _aAKMAL
082 _a658.4 KOO
090 _a658.4
_bKOO
245 _aMANAGEMENT
_cHAROLD KOONTZ/HEINZ WEIHRICH/CYRIL O'DONNELL
250 _a8th ed
260 _aSINGAPORE
_bTHE McGRAW-HILL INC,
_c1984
300 _a682pg,;
_c25 cm
942 _2ddc
_cBOOK